000 00215nam a22000857a 4500
008 160804b xxu||||| |||| 00| 0 eng d
100 _918
_aSial P.S
245 _aEnglish-IX
260 _aNew Delhi
_bS.Chand Publication
_c2012
999 _c2668
_d2668